| 000 | 00832nam a22002417a 4500 | ||
|---|---|---|---|
| 005 | 20140310183638.0 | ||
| 008 | 131212b xxu||||| |||| 00| 0 eng d | ||
| 020 | _a9781433811661 | ||
| 050 |
_aRC 554 _b.P467 2013 |
||
| 245 |
_aPersonality disorders and the five-factor model of personality / _cedited by Thomas A. Widiger, Paul T. Costa |
||
| 250 | _a3rd ed. | ||
| 260 |
_aWashington, DC : _bAmerican Psychological Association, _c2013. |
||
| 300 |
_axii, 468 p. : _bill. ; _c29 cm. |
||
| 504 | _aIncludes Bibliographic References and Index. | ||
| 521 | _aPSYCH | ||
| 650 | _aPersonality disorders. | ||
| 650 | _aNEO Five-Factor Inventory. | ||
| 650 |
_aPersonality Disorders _xclassification. |
||
| 700 | _aWidiger, Thomas A. | ||
| 700 |
_aCosta, Paul T. Jr. _eeditor. |
||
| 942 |
_2lcc _cBK _kFOR |
||
| 999 |
_c25758 _d25758 |
||